| 000 | 00394nam a2200157Ia 4500 | ||
|---|---|---|---|
| 008 | 230917s9999||||xx |||||||||||||| ||und|| | ||
| 040 |
_e122291 _aMAIN |
||
| 041 | _aEnglish | ||
| 082 | _a658.4 H369M | ||
| 100 | _aHellriegel, Don | ||
| 245 | 0 | _aManagement: A competency-based approach | |
| 250 | _a10th ed. | ||
| 260 |
_aAustralia _bSouth-Western _c2007 |
||
| 300 | _a538p p. | ||
| 942 | _cBK | ||
| 999 |
_c147243 _d147243 |
||